000 00665nam a2200217 a 4500
001 2127
003 BD-RjUL
005 20211208233504.0
008 160613r19671965enka 001 0 eng d
035 _a(BD-RjUL)2154
040 _aWAU
_cREC
_dREC
_dUKM
_dEQO
_dBD-RjUL
_beng
041 _aeng
082 0 0 _a330
_223
_bHAI 1967
100 1 _aHarvey, J.
_q(Jack),
_d1917-
_96036
245 1 0 _aIntermediate economics /
_cby J. Harvey.
260 _aLondon :
_bMacmillan ;
_aNew York :
_bSt. Martin's Press,
_cc1965 [Reprinted 1967].
300 _axviii, 478 p. :
_bill ;
_c23 cm.
504 _aIncludes bibliographies and index.
650 0 _aEconomics
_96972
942 _2ddc
_cBK
999 _c2127
_d2127